| 000 | 00512cam a22002171 4500 | ||
|---|---|---|---|
| 001 | sa 64005839 | ||
| 003 | DLC | ||
| 005 | 20260227112035.0 | ||
| 008 | 940916s1962 ii 000 0 orio | ||
| 010 | _asa 64005839 | ||
| 025 | _aPL480:I-O-240 | ||
| 035 | _a(OCoLC)31130511 | ||
| 040 |
_aDLC _cCU _dCU _dDLC |
||
| 042 | _apremarc | ||
| 050 | 0 | 0 |
_aPK2579.M53 _bS3 |
| 100 | 1 |
_aMisra, Gopal Chandra, _d1925- |
|
| 245 | 1 | 0 | _aSatyāgrahī. |
| 260 | _c[1962] | ||
| 300 |
_a140 p. _c18 cm. |
||
| 500 | _aIn Oriya. | ||
| 999 |
_c59355 _d59355 |
||